Speech and language processing: (Record no. 3387)

MARC details
000 -LEADER
fixed length control field 00752nam a22002297a 4500
003 - CONTROL NUMBER IDENTIFIER
control field OSt
005 - DATE AND TIME OF LATEST TRANSACTION
control field 20220107122724.0
008 - FIXED-LENGTH DATA ELEMENTS--GENERAL INFORMATION
fixed length control field 130914b xxu||||| |||| 00| 0 eng d
020 ## - INTERNATIONAL STANDARD BOOK NUMBER
International Standard Book Number 9780131873216
040 ## - CATALOGING SOURCE
Transcribing agency IIITM-K
082 ## - DEWEY DECIMAL CLASSIFICATION NUMBER
Classification number 006.454 JUR/S
100 ## - MAIN ENTRY--PERSONAL NAME
Personal name Jurafsky, Daniel
9 (RLIN) 2384
245 ## - TITLE STATEMENT
Title Speech and language processing:
Remainder of title An introduction to natural language processing, computational linguistics, and speech recognition
Statement of responsibility, etc. by Daniel Jurafsky, James H Martin
250 ## - EDITION STATEMENT
Edition statement 2nd edition
260 ## - PUBLICATION, DISTRIBUTION, ETC.
Place of publication, distribution, etc. New Jersey,
Name of publisher, distributor, etc. Pearson,
Date of publication, distribution, etc. 2009.
300 ## - PHYSICAL DESCRIPTION
Extent xxxi, 988p.
650 ## - SUBJECT ADDED ENTRY--TOPICAL TERM
Topical term or geographic name entry element COMPUTATIONAL LINGUISTICS
9 (RLIN) 2385
650 ## - SUBJECT ADDED ENTRY--TOPICAL TERM
Topical term or geographic name entry element SPEECH RECOGNITION
9 (RLIN) 2386
650 ## - SUBJECT ADDED ENTRY--TOPICAL TERM
Topical term or geographic name entry element LANGUAGE PROCESSING
9 (RLIN) 2387
700 ## - ADDED ENTRY--PERSONAL NAME
Personal name Martin, James H
9 (RLIN) 2388
942 ## - ADDED ENTRY ELEMENTS (KOHA)
Source of classification or shelving scheme Dewey Decimal Classification
Koha item type Books
Holdings
Withdrawn status Lost status Source of classification or shelving scheme Damaged status Not for loan Collection code Home library Current library Shelving location Date acquired Cost, normal purchase price Total Checkouts Total Renewals Full call number Barcode Date last seen Date last checked out Price effective from Koha item type
    Dewey Decimal Classification     Speech & Language Processing Kerala University of Digital Sciences, Innovation and Technology Knowledge Centre Kerala University of Digital Sciences, Innovation and Technology Knowledge Centre Computer Science 14/09/2013 7472.00 17 1 006.454 JUR/S 3050 04/02/2025 09/06/2022 14/09/2013 Books